Perspectivas /
Сохранить в:
| Соавтор: | |
|---|---|
| Формат: | |
| Язык: | Spanish |
| Опубликовано: |
San José, Costa Rica:
Confederación Centroamericana de Trabajadores
|
| Предметы: | |
| Метки: |
Добавить метку
Нет меток, Требуется 1-ая метка записи!
|
MARC
| LEADER | 00000nam a22000007a 4500 | ||
|---|---|---|---|
| 003 | cru CIDCACS/IIS | ||
| 005 | 20200730095838.0 | ||
| 007 | ta | ||
| 008 | 191030n cr b||p|r||||||0| | spa|d | ||
| 999 | |c 42554 |d 42554 | ||
| 040 | |c cru CIDCACS/IIS | ||
| 090 | |a REV0763 | ||
| 110 | 2 | |9 8749 |a Confederación Centroamericana de Trabajadores | |
| 245 | 1 | |a Perspectivas / |c Confederación Centroamericana de Trabajadores | |
| 260 | |a San José, Costa Rica: |b Confederación Centroamericana de Trabajadores | ||
| 500 | |a EXISTENCIAS : 1989 21 (1-3) 1990 22 (4-5) | ||
| 500 | |a PERIODICIDAD: bimestral | ||
| 650 | 0 | |9 2795 |a RELIGION | |
| 650 | 0 | |9 3090 |a DEUDA PÚBLICA | |
| 650 | 0 | |9 83 |a DEMOCRACIA | |
| 650 | 0 | |9 38 |a DERECHOS HUMANOS | |
| 650 | 0 | |9 2520 |a CRISIS | |
| 942 | |2 ddc |c PP | ||
